Lecciones de Politica : (Record no. 10472)

000 -CABECERA
fixed length control field 00746nam a22002057a 4500
003 - IDENTIFICADOR DEL NÚMERO DE CONTROL
control field AR-CdUCM
008 - DATOS DE LONGITUD FIJA--INFORMACIÓN GENERAL
fixed length control field 190401b ||||| |||| 00| 0 spa d
040 ## - FUENTE DE LA CATALOGACIÓN
Agencia/entidad que catalogó originalmente la obra MUNICIPALIDAD PROVINCIAL DEL CUSCO
Entidad que transcribió la catalogación BIBLIOTECA MUNICIPAL DEL CUSCO
082 ## - NÚMERO DE LA CLASIFICACIÓN DECIMAL DEWEY
No. de Clasificación 345.98 /
Notacion interna R68 / 1827
100 ## - ENTRADA PRINCIPAL--NOMBRE DE PERSONA
Nombre Personal Rivero, Luis Fernando
245 ## - MENCIÓN DE TÍTULO
Título Lecciones de Politica :
Resto del título Segun los principios del sistema popular representativo /
260 ## - PUBLICACIÓN, DISTRIBUCIÓN, ETC.
Lugar de publicación, distribución, etc. Paris :
Nombre de la editorial, distribuidor, etc. Imprenta de Gaultier - Laguionie,
Fecha de publicación, distribución, etc. 1827.
300 ## - DESCRIPCIÓN FÍSICA
Nº de Páginas Extensión 459 paginas ;
Dimensiones 17 cm.
505 ## - NOTA DE CONTENIDO CON FORMATO
Nota de contenido formateada Contenido: Constitucion -- del derecho de eleccion -- poderes del estado -- municipios...
650 ## - PUNTO DE ACCESO ADICIONAL DE MATERIA--TÉRMINO DE MATERIA
Descriptor Sistemas
9 (RLIN) 2854
650 ## - PUNTO DE ACCESO ADICIONAL DE MATERIA--TÉRMINO DE MATERIA
Descriptor Poderes
9 (RLIN) 2116
650 ## - PUNTO DE ACCESO ADICIONAL DE MATERIA--TÉRMINO DE MATERIA
Descriptor Municipios
9 (RLIN) 8192
942 ## - ELEMENTOS DE PUNTO DE ACCESO ADICIONAL (KOHA)
Fuente de clasificación
Tipo de item Libros-BMC
945 ## - PROCESAMIENTO DE INFORMACIÓN LOCAL (OCLC)
Catalogador pjha
Holdings
Estado de retiro (separado) Fuente de clasificación o esquema de estanterías Estado dañado Ubicación Sala donde se ubica Nombre de la colección Fecha de adquisición o compra Costo, precio normal en soles Signatura topográfica Código de Barras Última vez visto (Koha) Tipo de ítem (Koha)
No     Sala Cusco Antiguo Sala Cusco Antiguo Book Cart 2019-04-01 35.00 345.98 / R68 / 1827 SCA0000852 2019-04-01 Libros-BMC

Powered by Koha